000 00312nam a22001217a 4500
008 160420b xxu||||| |||| 00| 0 eng d
020 _a\9780721606712
020 _a9997638948
041 _aeng
080 _a618.2
245 _aMedical surgica nursing:
_cDonna D. Ignatavicius; M.Linda Workman;
942 _2udc
_cBK
999 _c1470
_d1470